Barry Lyndon (Registro nro. 240133)

Detalles MARC
000 -ENCABEZADO
Número de control [NR] 02102 a2200325 4500
005 - FECHA Y HORA DE LA ÚLTIMA TRANSACCIÓN
control field 20140904102005.0
008 - DE LONGITUD FIJA DE DATOS DE ELEMENTOS - INFORMACIÓN GENERAL
Elementos de longitud fija [NR] 140317s1975 mx g 0 m eng d
040 ## - FUENTE DE CATALOGACION [NR]
Agencia de catalogación original [NR] CO-BoUCM
Idioma de catalogación [NR] spa
Quien Cataloga Jose A. Gerena (modificó)
Quien Clasifica Aldemar Mondragón
041 ## - CODIGO DE IDIOMA [R]
Código de idioma para texto/pista de sonido o título separado [R] Inglés
092 ## - SIGNATURA TOPOGRAFICA LOCAL
Número de clasificación local DVD 1346
245 00 - MENCION DE TITULO [NR]
Título [NR] Barry Lyndon
Mención de responsabilidad, etc. [NR] Stanley Kubrick, director
Medio físico [NR] [DVD]
260 ## - PUBLICACION, DISTRIBUCION, ETC. (PIE DE IMPRENTA) [R]
Lugar de publicación, distribución, etc. [R] México D.F. (México)
Nombre del editor, distribuidor, etc. [R] Warner Bros.
Fecha de publicación, distribución, etc. [R] 1975
300 ## - DESCRIPCION FISICA [R]
Extensión [R] 1 DVD, 183 minutos
Otros detalles físicos [NR] imagen, sonido, color
490 0# - MENCION DE SERIE [R]
Mención de serie [R] Colección Stanley Kubrick
500 ## - NOTA GENERAL [R]
Nota general [NR] SINOPSIS: ¿Cómo puede un muchacho irlandés, sin expectativas, volverse parte de la nobleza inglesa del siglo 18? !Para Barry Lyndon la respuesta es: como se pueda¡ Su ascenso al poder de los privilegiados es el tema de esta versión suntuosa de Stanley Kubrick basada en la novela de William Makepeace Thackeray. Kubrick se inspiró en las obras de arte de la época para hacer una película arrebatadora y satírica [Tomado de la fuente]
508 ## - NOTA DE CREDITOS DE CREACION/PRODUCCION [R]
Nota de créditos de creación/producción [NR] CRÉDITOS: Dirigida por Stanley Kubrick ; producida por Jan Harlan ; fotografía por John Alcott ; diseño de producción por Ken Adam ; dirección de arte por Roy Walker ; vestuario por Milena Canonero
511 0# - NOTA DE PARTICIPANTE O INTERPRETE [R]
Nota de participante o intérprete [NR] REPARTO: Ryan O'Neal, Marisa Berenson, Patrick Magee, Hardy Krüger, Steven Berkoff, Gay Hamilton, Marie Kean, Diana Körner, Murray Melvin, Frank Middlemass
520 ## - NOTA DE RESUMEN, ETC. [R]
Nota de sumario, etc. [NR] Basada en la novela de nombre "The Memoirs of Barry Lyndon, Esq." de William Makepeace Thackeray
520 ## - NOTA DE RESUMEN, ETC. [R]
Nota de sumario, etc. [NR] Restaurada y remasterizada digitalmente
546 ## - NOTA DE IDIOMA [R]
Nota de idioma [NR] Audio en inglés. Subtítulos en inglés, francés, portugués y español
586 ## - NOTA DE PREMIOS [R]
Nota de premios [NR] Ganadora de cuatro premios de la Academia, 1976 (mejor fotografía, diseño de vestuario, dirección de arte-decoración, canción original o adaptación)
650 #7 - ASIENTO SECUNDARIO DE MATERIA - TERMINO TEMATICO [R]
Término temático o nombre geográfico como elemento de entrada [NR] Películas cinematográficas
Subdivisión de forma [R] DVD
9 (RLIN) 7903
651 #4 - ASIENTO SECUNDARIO DE MATERIA - NOMBRE GEOGRAFICO [R]
Nombre geográfico [NR] Irlanda
Subdivisión general [R] Historia
Subdivisión de forma [R] DVD
9 (RLIN) 58444
690 ## - ASUNTO AGREGADO LOCAL DE ENTRADA - TÉRMINO TEMÁTICO (OCLC, RLIN)
9 (RLIN) 42805
Acceso temático local Entretenimiento
700 1# - ASIENTO SECUNDARIO - NOMBRE PERSONAL [R]
Nombre personal [NR] Kubrick, Stanley
Término de relación [R] director
9 (RLIN) 58408
710 2# - ASIENTO SECUNDARIO - NOMBRE CORPORATIVO [R]
Nombre corporativo o de jurisdicción como elemento de entrada [NR] Warner Bros.
9 (RLIN) 53187
710 2# - ASIENTO SECUNDARIO - NOMBRE CORPORATIVO [R]
Nombre corporativo o de jurisdicción como elemento de entrada [NR] Peregrine
9 (RLIN) 58409
710 2# - ASIENTO SECUNDARIO - NOMBRE CORPORATIVO [R]
Nombre corporativo o de jurisdicción como elemento de entrada [NR] Hawk Films
9 (RLIN) 58410
942 ## - ELEMENTOS DE ENTRADA AGREGADOS (KOHA)
Source of classification or shelving scheme LOCAL
Tema principal Entretenimiento
Koha item type Multimedia
Edition 1
Existencias
Suprimido Perdido Sistema de clasificación Dañado No prestable Tipo de ítem específico Ubicación habitual Ubicación actual Localización Fecha de creación Proveedor Forma de adquisición Costo Signatura topográfica Código de barras Última vez visto Ejemplar Costo de reposición Price effective from Tipo de ítem Total préstamos Total Renewals Fecha de último préstamo
    LOCAL     DVD Claustro Claustro Colección digital 17/03/2014   Donación 26000.00 DVD 1346 100141137 04/12/2025 Ej.2   17/03/2014 Multimedia 8 5 02/10/2025
    LOCAL   Préstamo restringido DVD Procesos Técnicos (no para préstamo) Procesos Técnicos (no para préstamo) Procesos Técnicos 18/02/2014 12 Donación 26000.00 DVD 1346 100141279 09/12/2025 Ej.1 26000.00 18/02/2014 Multimedia